[Event "Nuremberg Zabo op 23rd"]
[Site "Nuremberg"]
[Date "2023.09.16"]
[Round "2"]
[White "Weng, Viktor"]
[Black "Wolf, Moritz"]
[Result "0-1"]
[WhiteElo "1100"]
[BlackElo "1469"]
[PlyCount "72"]
[EventDate "2023.09.15"]
[EventType "swiss"]
[EventRounds "5"]
[EventCountry "GER"]
[SourceTitle "CBM 216 Extra"]
[Source "ChessBase"]
[SourceDate "2023.11.30"]
[SourceVersion "1"]
[SourceVersionDate "2023.11.30"]
[SourceQuality "1"]

1. e4 d5 2. f3 dxe4 3. fxe4 e5 4. Nf3 Nc6 5. Bc4 Bg4 6. h3 Bxf3 7. Qxf3 Nf6 8. Nc3 Nd4 9. Qd3 Bb4 10. a3 Ba5 11. Bb5+ c6 12. Ba4 b5 13. Bb3 Nxb3 14. Qxd8+ Rxd8 15. cxb3 Bxc3 16. bxc3 Nxe4 17. 0-0 Nxd2 18. Rd1 Nxb3 19. Rxd8+ Kxd8 20. Rb1 Nxc1 21. Rxc1 Ke7 22. Kf2 Ke6 23. Kf3 Rd8 24. g4 Rd3+ 25. Kg2 a5 26. c4 b4 27. axb4 axb4 28. Rf1 b3 29. Rf2 Rc3 30. Rb2 Rc2+ 31. Rxc2 bxc2 32. Kg3 c1Q 33. h4 Qe3+ 34. Kg2 e4 35. Kf1 Qd2 36. h5 e3 0-1

[Event "Nuremberg Zabo op 23rd"]
[Site "Nuremberg"]
[Date "2023.09.15"]
[Round "1"]
[White "Weng, Viktor"]
[Black "Hiltner, Alfred"]
[Result "0-1"]
[WhiteElo "1100"]
[BlackElo "1600"]
[PlyCount "134"]
[EventDate "2023.09.15"]
[EventType "swiss"]
[EventRounds "5"]
[EventCountry "GER"]
[SourceTitle "CBM 216 Extra"]
[Source "ChessBase"]
[SourceDate "2023.11.30"]
[SourceVersion "1"]
[SourceVersionDate "2023.11.30"]
[SourceQuality "1"]

1. e4 e5 2. Nf3 Nc6 3. Nc3 Nf6 4. Bc4 Nxe4 5. Nxe4 d5 6. Bxd5 Qxd5 7. d3 Bb4+ 8. Bd2 Bxd2+ 9. Qxd2 0-0 10. 0-0-0 Qxa2 11. Nc3 Qa1+ 12. Nb1 Be6 13. b3 f6 14. Rhe1 Rfd8 15. Qc3 Qa2 16. d4 exd4 17. Nxd4 Nxd4 18. Rxd4 Rxd4 19. Qxd4 Re8 20. Re4 Qa6 21. Nc3 Qb6 22. Qxb6 cxb6 23. Nb5 Bd7 24. Rxe8+ Bxe8 25. Nxa7 Bc6 26. c4 Bxg2 27. Nc8 b5 28. cxb5 Kf7 29. Kd2 Ke6 30. Ke3 Bf1 31. b6 g5 32. f4 h6 33. Kf3 h5 34. h4 gxh4 35. Kf2 Bd3 36. Kg2 Kf5 37. Kh3 Kxf4 38. Kxh4 Be2 39. Nd6 Bf3 40. b4 f5 41. Nc4 Ke4 42. Kg5 Kd4 43. Nd6 Be4 44. Kxh5 f4 45. Kg4 f3 46. Kg3 Ke3 47. Nc4+ Ke2 48. Kf4 Bd5 49. Ne3 f2 50. b5 Bf3 51. Nf5 Bd5 52. Ng3+ Ke1 53. Ke3 f1N+ 54. Nxf1 Kxf1 55. Kd4 Bg2 56. Kc5 Ke2 57. Kc4 Ke3 58. Kb4 Kd4 59. Kb3 Kc5 60. Ka4 Bd5 61. Ka5 Bf3 62. Ka4 Kxb6 63. Kb4 Bd5 64. Ka4 Bb3+ 65. Kb4 Bd1 66. Kc4 Be2+ 67. Kb4 Bxb5 0-1